00137nam a2200061Ia 4500008004100000100001500041245001900056170524s9999 xx 000 0 und d aGUPTA- S.L 0aMERCANTILE LAW